| 000 | 00323nam a22001217a 4500 | ||
|---|---|---|---|
| 008 | 230619b xxu||||| |||| 00| 0 eng d | ||
| 082 |
_a302 _bTOY |
||
| 100 | _cARNOLD TOYNBEE NA DAISAKU IKEDA | ||
| 245 |
_aYachague Maisha _bMazungumzo |
||
| 260 |
_aNairobi _bOxford University Press _c1991 |
||
| 300 | _a338p | ||
| 942 |
_2ddc _cBK |
||
| 999 |
_c1276 _d1276 |
||